Memahami sains sukan
| Main Author: | |
|---|---|
| Format: | Book |
| Published: |
Seri Kembangan :
Pustaka Kelisa ,
2020
|
| Series: | Aplikasi sains menuju sukan olimpik
|
| Subjects: |
MARC
| LEADER | 00000cam a2200000 7i4500 | ||
|---|---|---|---|
| 001 | 0000278356 | ||
| 005 | 20201001112605.0 | ||
| 020 | |a 9789672157328 | ||
| 090 | 0 | 0 | |a 796 |b MOH |
| 100 | 0 | |a Mohd Firdaus | |
| 245 | 1 | 0 | |a Memahami sains sukan |c Mohd Firdaus |
| 260 | |a Seri Kembangan : |b Pustaka Kelisa , |c 2020 | ||
| 300 | |a 48p. ; |c 29cm. | ||
| 490 | 0 | |a Aplikasi sains menuju sukan olimpik | |
| 650 | 0 | |a Sports sciences |v Juvenile literature | |
| 650 | 0 | |a Sports |v Juvenile literature | |
| 999 | |a 00377352 |b BUKU |c JUNIOR BOOKS |e PERPUSTAKAAN KOMUNITI PETALING JAYA | ||